| Tag |
First Indicator |
Second Indicator |
Subfields |
| LEADER |
00000cjm a22000001a 4500 |
| 001 |
in00004584513 |
| 008 |
861215s1980 nyusnnn n zxx |
| 007 |
sd bsmennmplu| |
| 005 |
20220707195211.1 |
| 010 |
|
|
|a 82760648
|
| 035 |
|
|
|a (OCoLC)ocm07826033
|
| 035 |
|
|
|a (OCoLC)ocm07826033
|
| 040 |
|
|
|a DLC
|b eng
|c DLC
|d OCL
|d OCLCQ
|d OCLCO
|d OCLCA
|d OCLCF
|d OCLCA
|d OCLCQ
|d NJR
|d OCLCO
|d TJC
|d OCLCQ
|d TJCBL
|d OCLCA
|d OCLCQ
|d OCLCA
|d OCLCO
|
| 028 |
0 |
2 |
|a VA 25002
|b Vanguard
|
| 033 |
|
|
|b 3804
|c N4
|
| 035 |
|
|
|a (OCoLC)7826033
|
| 048 |
|
|
|a wa01
|a ta01
|a sb01
|
| 048 |
|
|
|a ta01
|
| 048 |
|
|
|a wa01
|
| 048 |
|
|
|a wa01
|a sb01
|
| 050 |
1 |
0 |
|a M5
|
| 110 |
2 |
|
|a Orpheus Trio.
|4 prf
|
| 245 |
1 |
4 |
|a The Orpheus Trio plays Ravel, Fauré, Debussy & Devienne.
|
| 260 |
|
|
|a New York, N.Y. :
|b Vanguard,
|c ℗1980.
|
| 300 |
|
|
|a 1 audio disc :
|b analog, 33 1/3 rpm, stereo ;
|c 12 in.
|
| 306 |
|
|
|a 001024
|a 000752
|a 000246
|a 001618
|a 000707
|
| 336 |
|
|
|a performed music
|b prm
|2 rdacontent
|
| 337 |
|
|
|a audio
|b s
|2 rdamedia
|
| 338 |
|
|
|a audio disc
|b sd
|2 rdacarrier
|
| 490 |
1 |
|
|a Vanguard audiophile series
|
| 500 |
|
|
|a Gift from Gilbert and Thyra Plass Record Collection.
|
| 500 |
|
|
|a The 1st work originally for piano.
|
| 500 |
|
|
|a Title from container.
|
| 511 |
0 |
|
|a Orpheus Trio (flute, viola, and harp).
|
| 518 |
|
|
|a "Recorded at Vanguard's 23rd Street Studio, New York."
|
| 505 |
0 |
|
|a Sonatine en trio / Maurice Ravel (10:24) -- Impromptu for harp solo, op. 86 / Gabriel Fauré (7:52) -- Syrinx : for flute solo / Claude Debussy (2:46) -- Sonata for flute, viola, and harp / Claude Debussy (16:18) -- Duo III for flute and viola / François Devienne (7:07).
|
| 650 |
|
0 |
|a Trios (Flute, harp, viola), Arranged.
|
| 650 |
|
0 |
|a Harp music.
|
| 650 |
|
0 |
|a Flute music.
|
| 650 |
|
0 |
|a Trios (Flute, harp, viola)
|
| 650 |
|
0 |
|a Flute and viola music.
|
| 650 |
|
6 |
|a Harpe, Musique de.
|
| 650 |
|
6 |
|a Flûte, Musique de.
|
| 650 |
|
6 |
|a Trios (Flûte, harpe, alto)
|
| 650 |
|
6 |
|a Flûte et alto, Musique de.
|
| 650 |
|
7 |
|a Flute and viola music.
|2 fast
|0 (OCoLC)fst00928294
|
| 650 |
|
7 |
|a Flute music.
|2 fast
|0 (OCoLC)fst00928312
|
| 650 |
|
7 |
|a Harp music.
|2 fast
|0 (OCoLC)fst00951599
|
| 650 |
|
7 |
|a Trios (Flute, harp, viola)
|2 fast
|0 (OCoLC)fst01156853
|
| 650 |
|
7 |
|a Trios (Flute, harp, viola), Arranged.
|2 fast
|0 (OCoLC)fst01196204
|
| 700 |
1 |
2 |
|a Ravel, Maurice,
|d 1875-1937.
|t Sonatina,
|m piano;
|o arranged.
|
| 700 |
1 |
2 |
|a Fauré, Gabriel,
|d 1845-1924.
|t Impromptus,
|m pedal harp,
|n op. 86,
|r D♭ major.
|
| 700 |
1 |
2 |
|a Debussy, Claude,
|d 1862-1918.
|t Syrinx.
|
| 700 |
1 |
2 |
|a Debussy, Claude,
|d 1862-1918.
|t Sonatas,
|m flute, viola, pedal harp.
|
| 700 |
1 |
2 |
|a Devienne, François,
|d 1759-1803.
|t Duos concertants,
|n op. 5.
|n No. 3.
|
| 830 |
|
0 |
|a Vanguard audiophile series.
|
| 948 |
|
|
|h HELD BY TXA - 41 OTHER HOLDINGS
|
| 994 |
|
|
|a Z0
|b TXA
|
| 999 |
f |
f |
|s 9482d7ec-3236-4904-b778-d6885ea486a7
|i 9482d7ec-3236-4904-b778-d6885ea486a7
|t 0
|
| 952 |
f |
f |
|p ric
|a Texas A&M University
|b Rellis Campus
|c Joint Library Facility
|d Remote Storage
|t 0
|e LP-1145
|h Other scheme
|i audio -- audio disc
|m A14851781550
|
| 998 |
f |
f |
|a LP-1145
|t 0
|l Remote Storage
|